000 01004cam a22002413a 4500
001 19134
003 PGUSA
005 20140828083415.0
008 060828s2006||||xxu|||||s|||||000 | eng d
040 _aPGUSA
_beng
042 _adc
050 4 _aBV
100 1 _aDawson, W. J.
_q(William James),
_d1854-1928
245 1 4 _aThe Empire of Love
_h[electronic resource] /
_cW. J. Dawson
260 _bProject Gutenberg,
_c2006
505 0 _aThe genius to be loved -- What is Christianity? -- The justice of Jesus -- Love is justice -- Love and forgiveness -- The practice of love -- Love and judgment -- The wisdom of the simple -- The revelations of grief -- A confession -- A lover of men -- The law of compassion -- The empire of love -- The builders of the empire.
506 _aPublic domain in the USA.
516 _aElectronic text
653 _aLove -- Religious aspects -- Christianity
830 0 _aProject Gutenberg
_v19134
856 4 0 _uhttp://www.gutenberg.org/ebooks/19134
942 _cEB
999 _c248389
_d248389